Chaîne de mots - Du singe au lapin (5 lettres) - Statistiques

Statistiques générales
  • Ce quiz a été pris 1 746 fois
  • Le résultat moyen est 14 sur 20
Statistiques - réponses
Hint Réponse % Correct
Le gorille en fait partie Singe
98%
D'une taille conséquente Grand
88%
Petite étendue d'eau Etang
86%
Elles servent à faire avancer les barques Rames
86%
Pour soigner la toux Sirop
86%
D'une petite taille Petit
85%
Ancienne monnaie Franc
83%
D'un poids minime Léger
81%
Léporidé Lapin
76%
Donne des fleurs, fruits... Arbre
73%
Vit dans les igloos Inuit
68%
2ème état le plus grand des USA Texas
67%
Livre sacré Torah
65%
Chouette ! Hibou
58%
Reptile venimeux Cobra
53%
Style de rap venant de Chicago Drill
53%
Une des plus grandes villes asiatiques Séoul
50%
Impression de vide, de lassitude Ennui
49%
Association de deux personnes ou + Union
43%
Dangereux Nocif
37%
Aucun quiz correspondant
Distribution des résultats
% des personnes avec chaque résultat
Percentile par nombre de réponses
Votre historique - résultats
Vous n’avez pas pris ce quiz